000 00309nam a22001337a 4500
008 171107b xxu||||| |||| 00| 0 eng d
020 _a9780072478778
041 _aeng
080 _23RD
_a721.053
100 _a62
101 _aAUD
245 _aAUDITING & ASSURANCE SERVICES
_cMESSIER,W.F
942 _2udc
_cBK
999 _c38179
_d38179